Fotones y electrones

Sábháilte in:
Sonraí bibleagrafaíochta
Príomhchruthaitheoir: Spring, K. H (Údar)
Formáid: LEABHAR
Teanga:Spáinnis
Foilsithe / Cruthaithe: Ciudad de México UTEHA 1964
Sraith:Manuales UTEHA, 190=190a. Sección 2 Física
Ábhair:
Clibeanna: Cuir clib leis
Níl clibeanna ann, Bí ar an gcéad duine le clib a chur leis an taifead seo!

MARC

LEADER 00000nam a2200000 a 4500
001 UCU3782
003 CL-VaPUC
008 960510e19640000MX |||||||||||||||||spa|d
082 0 4 |a 539.721  |b SPR  |2 21 
100 0 |a Spring, K. H  |e author  |9 360908 
245 1 0 |a Fotones y electrones 
300 |a 161 p 
942 |c BK 
945 |d 19960510 00:00:00  |a paguirre 
260 |a Ciudad de México  |b UTEHA  |c 1964 
650 7 |a FOTONES  |2 CL-VaPUC  |9 322929 
650 7 |a ELECTRONES  |2 CL-VaPUC  |9 322158 
650 7 |a RADIACION ELECTROMAGNETICA  |2 CL-VaPUC  |9 345469 
650 0 |a partículas elementales  |9 349874 
583 |a last modification  |c 19960510 00:00:00  |k Rodrigo Vera 
490 0 |a Manuales UTEHA, 190=190a. Sección 2 Física 
999 |c 247672  |d 247670